Juventud y sociedad en la Argentina

Guardat en:
Dades bibliogràfiques
Autor corporatiu: CEPAL
Format: Text
Publicat: Buenos Aires: CEPAL
Etiquetes: Afegir etiqueta
Sense etiquetes, Sigues el primer a etiquetar aquest registre!

MARC

LEADER 00000 a a2200000 04500
001 25040
003
040 |a CRAI/IIS  |c CRAI/IIS 
090 |a 178200  
110 |a CEPAL  
245 |a Juventud y sociedad en la Argentina  
260 |a Buenos Aires:   |b CEPAL  
300 |a 92 p.   |b **no definido**  
999 |c 4436  |d 4436